| 000 | 00747nam a22002177a 4500 | ||
|---|---|---|---|
| 003 | BD-DhJNU | ||
| 005 | 20250825061024.0 | ||
| 008 | 250825b |||||||| |||| 00| 0 eng d | ||
| 020 | _a9789845061421 | ||
| 040 |
_aBD-DhJNU _bENG _cBD-DhJNU _dBD-DhJNU |
||
| 082 |
_223 _a338.1095492 DEV |
||
| 100 | _aHossain, Mosharaff | ||
| 245 |
_aDevelopment : _bconstraints and realisations / _cProfessor Mosharaff Hossain ; edited by Mustafa K. Mujeri |
||
| 260 |
_aDhaka : _bThe University Press, _c2014 . |
||
| 300 |
_axxxiii, 343p. : _bill. ; _c25 cm. |
||
| 490 | _aEssays in memory of Mosharaff Hossain. | ||
| 504 | _aIncludes index | ||
| 650 | _aAgriculture Economic Aspects Bangladesh | ||
| 700 |
_aMujeri, Mustafa K. _eeditor |
||
| 942 |
_2ddc _cBK _n0 |
||
| 999 |
_c2016 _d2016 |
||